Zmeny pre oblasť poistných zmlúv s účinnosťou od 1. 1. 2018 a neskôr

Dňa 19. januára 2016 IASB zverejnila zmeny pre IAS 12 Dane z príjmov, aby objasnila účtovanie odložených daňových pohľadávok týkajúcich sa dlhových nástrojov ocenených reálnou hodnotou. Aktuálne zmeny IAS 12 sú súčasťou časti s názvom „Odpočítateľné dočasné rozdiely“, v ktorej sa mení odsek 29 a dop...

Descrizione completa

Salvato in:
Dettagli Bibliografici
Autore principale: Mokošová, Daša, 1979-
Natura: Capitolo di libro
Lingua:slovacco
Soggetti:
Tags: Aggiungi Tag
Nessun Tag, puoi essere il primo ad aggiungerne!!

MARC

LEADER 00000nla a2200000 4500
001 0247570
005 20240502073949.5
041 0 |a slo 
044 |a SK 
245 1 0 |a Zmeny pre oblasť poistných zmlúv s účinnosťou od 1. 1. 2018 a neskôr  |c Daša Mokošová 
520 |a Dňa 19. januára 2016 IASB zverejnila zmeny pre IAS 12 Dane z príjmov, aby objasnila účtovanie odložených daňových pohľadávok týkajúcich sa dlhových nástrojov ocenených reálnou hodnotou. Aktuálne zmeny IAS 12 sú súčasťou časti s názvom „Odpočítateľné dočasné rozdiely“, v ktorej sa mení odsek 29 a dopĺňajú sa odseky 27A, 29A and 98G a rovnako bol doplnený vysvetľujúci príklad po odseku 26. 
610 2 0 |a dane z príjmov 
610 2 0 |a dane odložené 
610 2 0 |a zmluvy poistné 
610 2 0 |a legislatíva 
610 2 0 |a pravidlá účtovné 
100 1 |a Mokošová, Daša, 1979-